[Event "Salamanca Uni 8th"]
[Site "Salamanca"]
[Date "2018.10.24"]
[Round "1"]
[White "Topalov, Veselin"]
[Black "Atalik, Ekaterina"]
[Result "1-0"]
[WhiteElo "2740"]
[BlackElo "2445"]
[PlyCount "79"]
[EventDate "2018.10.24"]
[EventType "tourn (rapid)"]
[EventRounds "7"]
[EventCountry "ESP"]
[EventCategory "10"]
[SourceTitle "CBM 187 Extra"]
[Source "ChessBase"]
[SourceDate "2018.11.04"]
[SourceVersion "1"]
[SourceVersionDate "2018.11.04"]
[SourceQuality "1"]

1. Nf3 d5 2. d4 Nf6 3. c4 e6 4. Nc3 dxc4 5. e3 a6 6. Bxc4 b5 7. Bd3 Bb7 8. Qe2
Nbd7 9. e4 c5 10. d5 e5 11. b3 Rc8 12. O-O Be7 13. Bb2 O-O 14. Rac1 Qc7 15. Nd1
Ne8 16. Ne3 g6 17. a4 c4 18. bxc4 bxa4 19. Ra1 f6 20. Rxa4 Nc5 21. Ra2 Nd6 22.
Nd2 a5 23. Rfa1 Ra8 24. Bc2 Ra7 25. Ba3 Rfa8 26. Bxc5 Qxc5 27. Nb3 Qc8 28. c5
Ba6 29. Qe1 Nc4 30. d6 Bd8 31. Nxc4 Bxc4 32. Qc3 Qe6 33. Ra4 Bb5 34. Bd3 Bxd3
35. Qxd3 Rb8 36. Nd2 Kg7 37. Qd5 Qxd5 38. exd5 Rab7 39. c6 Rb2 40. c7 1-0

[Event "Salamanca Uni 8th"]
[Site "Salamanca"]
[Date "2018.10.24"]
[Round "2"]
[White "Santos Ruiz, Miguel"]
[Black "Topalov, Veselin"]
[Result "1/2-1/2"]
[WhiteElo "2523"]
[BlackElo "2740"]
[PlyCount "79"]
[EventDate "2018.10.24"]
[EventType "tourn (rapid)"]
[EventRounds "7"]
[EventCountry "ESP"]
[EventCategory "10"]
[SourceTitle "CBM 187 Extra"]
[Source "ChessBase"]
[SourceDate "2018.11.04"]
[SourceVersion "1"]
[SourceVersionDate "2018.11.04"]
[SourceQuality "1"]

1. d4 d5 2. c4 c6 3. Nf3 Nf6 4. e3 a6 5. Nbd2 g6 6. Bd3 Bg7 7. Qc2 O-O 8. O-O
Nbd7 9. b3 c5 10. Bb2 b6 11. Rac1 Bb7 12. Be2 Rc8 13. Qb1 dxc4 14. Nxc4 b5 15.
Nce5 Nxe5 16. Nxe5 cxd4 17. Rxc8 Qxc8 18. Bxd4 Qa8 19. Nf3 Rc8 20. Qb2 Ne8 21.
Bxg7 Nxg7 22. b4 Nf5 23. Rc1 Nd6 24. Rxc8+ Qxc8 25. Nd2 Bd5 26. a3 Qc6 27. Bf1
h5 28. Qe5 e6 29. h4 Bc4 30. Qc5 Qd5 31. Nxc4 bxc4 32. f3 Qd2 33. Bxc4 Nxc4 34.
Qc8+ Kh7 35. Qxc4 Qxe3+ 36. Kh2 Qxa3 37. Qc7 Kg7 38. Qe5+ Kh7 39. Qc7 Kg7 40.
Qe5+ 1/2-1/2

[Event "Salamanca Uni 8th"]
[Site "Salamanca"]
[Date "2018.10.26"]
[Round "5"]
[White "Calzetta Ruiz, Monica"]
[Black "Topalov, Veselin"]
[Result "0-1"]
[WhiteElo "2235"]
[BlackElo "2740"]
[PlyCount "63"]
[EventDate "2018.10.24"]
[EventType "tourn (rapid)"]
[EventRounds "7"]
[EventCountry "ESP"]
[EventCategory "10"]
[SourceTitle "CBM 187 Extra"]
[Source "ChessBase"]
[SourceDate "2018.11.04"]
[SourceVersion "1"]
[SourceVersionDate "2018.11.04"]
[SourceQuality "1"]

1. e4 e5 2. Nf3 Nc6 3. Bb5 Nf6 4. O-O Nxe4 5. d4 Nd6 6. dxe5 Nxb5 7. a4 d6 8.
e6 Bxe6 9. axb5 Ne5 10. Nd4 Bd7 11. f4 Ng4 12. Re1+ Be7 13. Qe2 Kf8 14. Nc3 Bh4
15. g3 Bf6 16. Nf3 h5 17. Nd5 c6 18. bxc6 Bxc6 19. c4 a6 20. h3 Bxd5 21. cxd5
Nh6 22. Be3 Qd7 23. Kg2 Nf5 24. Bf2 g6 25. Rac1 Ne7 26. Qd2 Rc8 27. Rxc8+ Qxc8
28. Bd4 Nxd5 29. Bxf6 Nxf6 30. Qxd6+ Kg7 31. Re7 Qc2+ 32. Kf1 0-1

[Event "Salamanca Uni 8th"]
[Site "Salamanca"]
[Date "2018.10.27"]
[Round "7"]
[White "Skripchenko, Almira"]
[Black "Topalov, Veselin"]
[Result "0-1"]
[WhiteElo "2414"]
[BlackElo "2740"]
[PlyCount "103"]
[EventDate "2018.10.24"]
[EventType "tourn (rapid)"]
[EventRounds "7"]
[EventCountry "ESP"]
[EventCategory "10"]
[SourceTitle "CBM 187 Extra"]
[Source "ChessBase"]
[SourceDate "2018.11.04"]
[SourceVersion "1"]
[SourceVersionDate "2018.11.04"]
[SourceQuality "1"]

1. e4 d5 2. exd5 Nf6 3. Nf3 Nxd5 4. d4 g6 5. h3 Bg7 6. Bc4 O-O 7. O-O Nb6 8.
Bb3 c5 9. dxc5 Qxd1 10. Rxd1 N6d7 11. Ng5 Nxc5 12. Bc4 Nc6 13. Nc3 h6 14. Be3
hxg5 15. Bxc5 g4 16. hxg4 Bxg4 17. f3 Bxc3 18. bxc3 Bf5 19. Bb5 Rfc8 20. Bxc6
Rxc6 21. Bxe7 Bxc2 22. Rd7 b6 23. Rc1 Bf5 24. Rd6 Rac8 25. Rxc6 Rxc6 26. g4 Re6
27. gxf5 Rxe7 28. fxg6 fxg6 29. Kf2 Re5 30. Rd1 Ra5 31. Rd2 Kf7 32. Ke3 Ra4 33.
c4 Ke6 34. Rg2 Kf5 35. Rc2 Ra3+ 36. Kd4 Kf4 37. c5 Ra4+ 38. Kc3 bxc5 39. Rg2
Ra6 40. Kc4 Kxf3 41. Rg1 Kf4 42. Rf1+ Ke5 43. Rg1 Kf6 44. Rg2 g5 45. Kxc5 Kf5
46. Kb5 Rb6+ 47. Kc5 g4 48. a4 Rg6 49. Kd4 g3 50. Ke3 Kg4 51. Rg1 Re6+ 52. Kd4
0-1

[Event "Gashimov Memorial 6th"]
[Site "Shamkir"]
[Date "2019.04.08"]
[Round "8"]
[White "Topalov, Veselin"]
[Black "Ding, Liren"]
[Result "0-1"]
[WhiteElo "2740"]
[BlackElo "2812"]
[Annotator "Krasenkow,M"]
[PlyCount "219"]
[EventDate "2019.03.31"]
[EventType "tourn"]
[EventRounds "9"]
[EventCountry "AZE"]
[EventCategory "22"]
[SourceTitle "CBM 190"]
[Source "ChessBase"]
[SourceDate "2019.06.30"]
[SourceVersion "1"]
[SourceVersionDate "2019.06.30"]
[SourceQuality "1"]

{[%evp 0,219,16,33,24,-16,-9,-7,4,29,34,-28,6,-20,25,20,17,15,27,11,10,17,13,
25,29,-21,9,-21,-11,-18,-49,-51,-6,-37,-8,-36,-49,-43,-47,-47,-17,0,6,6,12,-4,
5,-25,-10,-11,-7,-3,0,4,4,-50,-51,-48,-44,-30,-24,-34,-29,-41,-29,0,7,2,9,9,10,
-50,-54,-58,-65,-56,-42,-50,-47,-89,-106,-104,-113,-109,-108,-109,-101,-109,
-103,-101,-105,-103,-103,-103,-103,-103,-102,-103,-99,-103,-99,-103,-92,-84,
-82,-93,-84,-82,-76,-92,-88,-88,-90,-98,-104,-31,-36,-112,-112,-78,-44,-128,
-143,-143,-138,-138,-133,-133,-135,-232,-159,-143,-138,-153,-112,-112,-116,
-115,-112,-112,-112,-112,-108,-108,-110,-108,-92,-53,-52,-52,-43,-43,-44,-41,
-41,-41,-41,-49,-49,-47,-46,-47,-40,-40,-42,-40,-40,-40,-40,-47,-47,-40,-40,
-40,-40,-40,-40,-40,-40,-40,-40,-40,-40,-40,-40,-46,-47,-55,-55,-56,-40,-40,
-40,-45,-45,-52,-40,-56,-61,-49,-43,-55,-55,-56,-43,-43,-45,-45,-45,-56,-56,
-56,-56,-58,-43,-28755,-29976,-29977,-29978,-29979,-29980,-29981]} 1. d4 Nf6 2.
c4 e6 3. Nc3 Bb4 4. Nf3 O-O 5. Qc2 d5 6. Bg5 h6 7. Bxf6 {This is fairly
harmless.} (7. Bh4 $5 {is more challenging.}) 7... Qxf6 8. a3 Bxc3+ 9. Qxc3
dxc4 (9... c6 {is more common.}) 10. Qxc4 Nc6 {A bit provocative. If Black
fails to push ...e6-e5, he risks ending up in a passive position. And if he
does push ...e6-e5 then after d4-d5 his c7 pawn gets under attack.} (10... Bd7
$6 11. Qxc7 (11. e3 Rc8 12. Qb4 Bc6 13. Be2 Bd5 14. Rc1 Nd7 15. O-O a5 16. Qa4
c6 17. Nd2 Qg5 18. Bf3 Bxf3 19. Nxf3 Qb5 20. Qxb5 cxb5 $11 {1/2 (41) So,W 
(2770)-Aronian,L (2792) Leuven 2016}) 11... Bc6 12. e3 Nd7 13. Be2 Qf5 14. Qd6
$16 {1/2 (54) Andraschko,F (2173)-Dehaybe,A (2149) Lechenicher SchachServer
2012}) (10... c6 11. g3 Nd7 12. Qc3 c5 13. Bg2 b6 14. Ne5 cxd4 15. Qc7 Nxe5 16.
Bxa8 Ba6 $44 {1/2 (56) Zhao,X (2499)-Tan,Z (2508) China 2017}) 11. Qc3 (11. Rd1
Rd8 12. e4 e5 $1 13. d5 Bg4 14. dxc6 $2 Bxf3 15. Rd3 b5 $1 16. Qc2 Rxd3 17.
Qxd3 {1/2 (49) Mamedyarov,S (2808)-Nakamura,H (2769) Stavanger 2018} Rd8 $1 18.
Qxf3 Qxc6 $19) (11. e3 e5 (11... Re8 12. Be2 Bd7 13. O-O Rac8 14. b4 a6 15. a4
Red8 16. b5 axb5 17. axb5 Ne7 18. Ne5 $14 {1/2 (72) Dragun,K (2530)-Lysyj,I 
(2666) Warsaw 2013}) 12. d5 Ne7 13. Qxc7 e4 14. Nd4 Nxd5 15. Qc2 Bf5 16. Be2
Rac8 17. Qa4 a6 18. O-O b5 $11 {1/2 (69) Erenberg,A (2386)-Svane,R (2573)
Karlsruhe 2017}) 11... Re8 {[%cal Ye6e5]} 12. Ne5 (12. Rd1 $5 e5 (12... Qg6 13.
g3 Qe4 14. Bg2 e5 15. dxe5 Nxe5 16. O-O $14 {1-0 (34) Bindrich,F (2598)
-Bromberger,S (2535) Germany 2017}) 13. d5 Nb8 14. e3 (14. e4 c6 15. Bc4 Bg4 (
15... cxd5 16. Bxd5 Nd7 17. O-O Nb6 18. h3 Nxd5 19. Rxd5 Be6 $11 {1/2 (53)
Bindrich,F (2604)-Bosiocic,M (2597) Austria 2017}) 16. h3 Bxf3 17. Qxf3 Qxf3
18. gxf3 cxd5 19. Bxd5 Nc6 20. Bxc6 bxc6 21. Ke2 Reb8 22. Rd2 Rb3 23. Rc1 Rab8
$11 {1/2 (43) Ivanchuk,V (2732)-Wei,Y (2740) Hoogeveen 2017}) 14... c6 15. Be2
cxd5 16. Rxd5 Nc6 17. O-O Bg4 18. h3 Bf5 19. Rfd1 Rac8 20. Rc5 Qe7 21. b4 $14 {
1/2 (90) Grischuk,A (2761)-Nakamura,H (2785) Paris 2017}) 12... Rb8 $5 {
A typical idea in such situations: Black anticipates the opening of the b-file
after Ne5xc6 b7xc6.} ({But} 12... Nxe5 13. dxe5 Qe7 $11 {is simpler. If} 14.
Rc1 {then} Bd7 $1) 13. g3 $6 (13. e3 $5 {, and Black has hardly anything
better than} Nxe5 14. dxe5 Qe7) 13... Rd8 14. e3 Nxe5 15. dxe5 Qf3 16. Rg1 Qc6
(16... Bd7 $5 17. Be2 (17. Bg2 Qh5 {[%cal Rd7b5]}) (17. Qxc7 Rbc8 18. Qa5 Be8
$40 {[%csl Re1][%cal Gd8d1,Gc8c1]}) 17... Qc6 $11) 17. Qxc6 bxc6 $11 18. Rb1 (
18. b4 c5 19. b5 Bd7 20. O-O-O $11) 18... c5 19. Be2 Kf8 20. f3 Ke7 21. Bc4 Rb6
22. Ke2 Bd7 23. b3 Rdb8 24. Rbc1 Bb5 25. Rgd1 Ra6 26. Bxb5 Rxb5 {[%mdl 4096]}
27. Rd3 $6 (27. a4 Rxb3 28. Rxc5 $11) 27... Rxa3 28. Rcd1 Ra2+ 29. Ke1 Rb8 $6 (
29... f5 $1 $15 30. Rd7+ $140 Kf8 31. Rd8+ Kf7 32. R1d7+ Kg6 33. Rg8 Rxb3 34.
Rgxg7+ Kh5 35. Rd2 Rxe3+ 36. Kf2 Rxf3+ $1 37. Kxf3 Rxd2 $17) 30. Rd7+ Kf8 31.
Rxc7 Kg8 32. Rd2 Rxd2 33. Kxd2 Rxb3 34. Rxc5 Rb2+ 35. Kd3 Rxh2 36. g4 Ra2 37.
Rc8+ Kh7 38. Rc7 Kg6 39. f4 $6 (39. e4 $11 {[%cal Yf3f4]}) 39... Rg2 40. Ke4
Rxg4 41. Kf3 Rg1 42. Rxa7 {This endgame is still drawish but requires accurate
play from White.} h5 43. Ra8 Kh7 44. Rf8 Kg6 45. Rh8 Ra1 46. Kg2 Ra5 47. Kf3
Rb5 48. Re8 Rb7 49. Rh8 Ra7 50. Kg2 f6 51. exf6 gxf6 52. Re8 Kf7 53. Rh8 Ra5
54. Kf3 Kg7 55. Re8 e5 56. Ke4 h4 57. fxe5 fxe5 58. Kf5 (58. Kf3 {is simpler:}
Kf6 59. Rh8 Ra4 60. e4 $11) 58... h3 59. Re7+ Kh6 60. Re8 (60. Kg4 $1 h2 61.
Re6+ Kg7 62. Re7+ Kf6 63. Rh7 Ra2 64. e4 $11) 60... Ra7 61. Rb8 h2 62. Rb6+ $1
{The only move now.} (62. Rb1 $2 Rg7 63. Rh1 Rg5+ $1 64. Kf6 (64. Ke4 Rh5 65.
Kf3 Kg5 $19) 64... Rh5 65. e4 Kh7 66. Kf7 Rh6 67. Ke7 Kg7 $19) 62... Kh5 63.
Rb1 Kh4 (63... Rg7 64. Rh1 $11) 64. e4 Re7 65. Ra1 Re8 66. Rb1 Kg3 67. Rb3+ Kg2
68. Rb2+ Kh3 69. Rb3+ Kh4 70. Rb1 Rh8 71. Kxe5 Kg3 72. Rh1 $1 (72. Kf5 $2 Rh5+
73. Kg6 Re5 74. Rb3+ Kh4 75. Rb1 Rg5+ $19) 72... Kg2 (72... Kf3 73. Kf5 Rh5+
74. Kg6 $11) 73. Rxh2+ $1 (73. Ra1 h1=Q 74. Rxh1 Rxh1 75. Kf5 (75. Kf6 $144)
75... Rf1+ $1 76. Kg6 Kf3 77. e5 Re1 $1 78. Kf6 Ke4 $19) 73... Rxh2 74. Kf6 Kf3
75. e5 Kf4 76. e6 Rh6+ 77. Kf7 Kf5 78. e7 Rh7+ 79. Kf8 Kf6 80. e8=N+ {This is
an "easy" theoretical draw but...} Kg6 81. Nd6 Rd7 82. Ne8 Rf7+ 83. Kg8 Ra7 84.
Kf8 Rd7 85. Kg8 Rf7 86. Nd6 Rd7 87. Ne8 Kf5 88. Kf8 Kg5 89. Kg8 Kg6 90. Kf8
Rf7+ 91. Kg8 Rf1 92. Ng7 $6 {[%csl Rg7] Very inaccurate but not losing when
Black's rook is on f1.} (92. Nd6 $4 Kf6 $19) (92. Nc7 $1 Kf6 93. Kf8 $11) 92...
Kf6 93. Nh5+ $1 (93. Kf8 Rf2 $1 94. Ne8+ Ke6+ 95. Kg8 Ke7 96. Ng7 Re2 $1 97.
Kh7 (97. Nh5 Re5 $1 98. Ng7 Rg5 $19) 97... Kf6 $1 98. Nh5+ Kg5 99. Ng7 Re7 $19)
93... Kg5 (93... Kf5 $2 94. Ng3+) 94. Ng7 Kg6 95. Ne8 Rf3 $5 96. Ng7 $4 {
Now losing - in a spectacular way, though.} (96. Nc7 $1 Kf6 97. Kf8 $11) 96...
Kf6 97. Nh5+ Ke6 $2 (97... Kf5 $3 98. Ng7+ (98. Kg7 Kg5) 98... Ke5 $3 99. Ne8 (
99. Nh5 Rh3 100. Ng7 Kf6 {- see game}) 99... Ke6 $1 100. Ng7+ (100. Kh7 Kf7
101. Nd6+ Ke7 102. Ne4 Rf4 $1 103. Ng5 Kf6 $19) 100... Ke7 $1 101. Kh7 (101.
Nh5 Rf5 102. Ng7 Rg5 $19) 101... Kf6 $1 {- game}) 98. Kh7 $2 (98. Kg7 $1 Kf5
99. Nf6 Rb3 100. Ne8 Ke6 101. Kg6 Rg3+ 102. Kh6 $11) 98... Kf5 99. Ng7+ Kf6
100. Nh5+ Kg5 101. Ng7 Rh3+ 102. Kg8 Kf6 103. Ne8+ Ke6 (103... Ke7 $1 104. Ng7
Rh1 105. Nf5+ Kf6 106. Nd6 Rd1 107. Ne8+ Ke7 108. Ng7 Re1 $1 $19 {, winning in
the same way as in annotation to move 93.} (108... Rd5 $5 109. Kh7 Kf8 $1 $19))
104. Ng7+ (104. Nc7+ Kd6 105. Ne8+ {, and Black must play} Ke7 $1 {- see above}
) 104... Ke7 $5 105. Nf5+ Kf6 106. Nd6 Rh5 107. Nf7 (107. Ne8+ Ke7 108. Ng7 Rg5
$19) ({in case of} 107. Ne4+ {White's knight, parted with his king, will be
lost, e.g.} Ke6 108. Kg7 Re5 109. Nd2 Kf5 110. Nc4 Re7+ 111. Kh6 Kf4 112. Kg6
Rc7 113. Na5 Ke4 {etc.}) 107... Rd5 $1 108. Nh6 (108. Kf8 Rd7 $19) 108... Rd8+
109. Kh7 Rd7+ 110. Kg8 (110. Kg8 Kg6 $19) 0-1

[Event "Salamanca Uni 9th"]
[Site "Salamanca"]
[Date "2019.11.27"]
[Round "1"]
[White "Vega Gutierrez, Sabrina Neide"]
[Black "Topalov, Veselin"]
[Result "0-1"]
[WhiteElo "2374"]
[BlackElo "2736"]
[PlyCount "70"]
[EventDate "2019.11.27"]
[EventType "tourn"]
[EventRounds "7"]
[EventCountry "ESP"]
[EventCategory "12"]
[SourceTitle "EXT 2021"]
[Source "ChessBase"]
[SourceDate "2020.10.23"]
[SourceVersion "1"]
[SourceVersionDate "2020.10.23"]
[SourceQuality "1"]

1. e4 e6 2. d3 c5 3. Nf3 Nc6 4. g3 g6 5. Bg5 f6 6. Be3 d5 7. exd5 exd5 8. d4 c4
9. Bg2 Bd6 10. Nh4 Nge7 11. Bh6 Kf7 12. O-O Be6 13. Nc3 Bb4 14. a3 Bxc3 15.
bxc3 Qd7 16. f4 Nf5 17. Nxf5 Bxf5 18. Bf3 Rae8 19. g4 Be4 20. f5 Rhg8 21. Kh1
gxf5 22. Bxe4 Rxe4 23. gxf5 Rh4 24. Be3 Qe8 25. Qf3 Qe4 26. Rab1 b6 27. a4 Ne7
28. Qxe4 dxe4 29. Rb5 Rh3 30. Bd2 Rf3 31. Rxf3 exf3 32. Rb1 Rg2 33. Bf4 Nd5 34.
Bb8 Rxc2 35. Rf1 Ne3 0-1

[Event "Salamanca Uni 9th"]
[Site "Salamanca"]
[Date "2019.11.27"]
[Round "2"]
[White "Topalov, Veselin"]
[Black "Milliet, Sophie"]
[Result "1/2-1/2"]
[WhiteElo "2736"]
[BlackElo "2394"]
[PlyCount "113"]
[EventDate "2019.11.27"]
[EventType "tourn"]
[EventRounds "7"]
[EventCountry "ESP"]
[EventCategory "12"]
[SourceTitle "EXT 2021"]
[Source "ChessBase"]
[SourceDate "2020.10.23"]
[SourceVersion "1"]
[SourceVersionDate "2020.10.23"]
[SourceQuality "1"]

1. d4 Nf6 2. c4 c5 3. d5 g6 4. Nc3 Bg7 5. e4 d6 6. Nf3 O-O 7. Bd3 e6 8. O-O
exd5 9. exd5 Bg4 10. h3 Bxf3 11. Qxf3 Nfd7 12. Ne4 Ne5 13. Qd1 Nxd3 14. Qxd3
Nd7 15. Bg5 Qb6 16. Bf4 Ne5 17. Qc2 Rfe8 18. Rae1 h6 19. Bg3 f5 20. Nd2 Qc7 21.
Qb3 b6 22. f4 Nd7 23. Bh4 Nf8 24. Qc2 Qd7 25. Nf3 Rxe1 26. Rxe1 Re8 27. b3
Rxe1+ 28. Bxe1 Qe8 29. Kf2 Nd7 30. Qe2 Qxe2+ 31. Kxe2 Nf6 32. b4 Ne4 33. Kd3
Kf7 34. b5 Bb2 35. Kc2 Bf6 36. a4 Bd8 37. Kd3 g5 38. fxg5 hxg5 39. g4 Kg6 40.
Nh2 Nf6 41. Bc3 Ne4 42. Be1 Nf6 43. Ke3 Ne4 44. gxf5+ Kxf5 45. Ng4 Nf6 46. Nxf6
Bxf6 47. a5 Bd8 48. a6 Bf6 49. Kf3 Be7 50. Bg3 Bf8 51. Be1 Be7 52. Bc3 Bd8 53.
Be1 Be7 54. Bg3 Bf8 55. Bf2 Be7 56. Be1 Bd8 57. Bg3 1/2-1/2

[Event "Salamanca Uni 9th"]
[Site "Salamanca"]
[Date "2019.11.30"]
[Round "6"]
[White "Szczepkowska, Karina"]
[Black "Topalov, Veselin"]
[Result "1/2-1/2"]
[WhiteElo "2412"]
[BlackElo "2736"]
[PlyCount "60"]
[EventDate "2019.11.27"]
[EventType "tourn"]
[EventRounds "7"]
[EventCountry "ESP"]
[EventCategory "12"]
[SourceTitle "EXT 2021"]
[Source "ChessBase"]
[SourceDate "2020.10.23"]
[SourceVersion "1"]
[SourceVersionDate "2020.10.23"]
[SourceQuality "1"]

1. d4 Nf6 2. c4 e6 3. Nf3 b6 4. g3 Bb7 5. Bg2 Be7 6. O-O O-O 7. Re1 d5 8. cxd5
exd5 9. Nc3 Ne4 10. Bf4 Nc6 11. Rc1 Bb4 12. Qa4 Bxc3 13. bxc3 Na5 14. h4 f6 15.
Nd2 Nxd2 16. Bxd2 Bc6 17. Qc2 Nc4 18. e4 dxe4 19. Bxe4 Bxe4 20. Rxe4 c6 21.
Rce1 Rf7 22. Bf4 Qd7 23. Qe2 b5 24. Re8+ Rxe8 25. Qxe8+ Qxe8 26. Rxe8+ Rf8 27.
Re7 Rf7 28. Re6 Na5 29. Bd6 Rd7 30. Bb4 Kf7 1/2-1/2